Di balik tabir angsana

Bibliographic Details
Other Authors: Zainal Buang Hussien (Illustrator)
Format: Book
Published: Kuala Lumpur : Creative Enterprise , 1992
Series:Novel remaja creative
Subjects:

MARC

LEADER 00000cam a2200000 7i4500
001 0000003566
002 000003837
005 20020102.0
020 |a 9838930180 
090 0 0 |a F   |b MAL 
245 1 0 |a Di balik tabir angsana   |c Malungun 
260 |a Kuala Lumpur :   |b Creative Enterprise ,   |c 1992 
300 |a 92p. ;   |c 17cm. 
490 0 |a Novel remaja creative 
650 0 0 |a Love stories 
700 0 |a Zainal Buang Hussien ,   |e ill 
999 |a 031803   |b BUKU   |c YOUTH FICTION   |e PERPUSTAKAAN KOMUNITI PETALING JAYA 
999 |a 031804   |b BUKU   |c YOUTH FICTION   |e PERPUSTAKAAN KOMUNITI PETALING JAYA 
999 |a 031805   |b BUKU   |c YOUTH FICTION   |e PERPUSTAKAAN KOMUNITI PETALING JAYA